000 00413nam a22001697a 4500
005 20180613161608.0
008 160526b xxu||||| |||| 00| 0 eng d
020 _a81-259-08885-4
041 _aeng
082 _b5256
_a657.42
100 _aTulsiyan, P.C.
_91315
245 _aPractical Costing
260 _aNew Delhi
_bAcademic Faundation
_c2004
300 _a18.48
650 _aManagement
_9241
942 _cBK
999 _c1841
_d1840